Probabilidad y estadística. Una introducción a la teoría de la decisión

Bibliographic Details
Main Author: Hadley, G.
Format: Section = Libro
Language:Undetermined
Spanish
Published: México Fondo de Cultura Económica 1967
Subjects:
LEADER 00534nam a2200193Ia 4500
008 240830s9999 xx 000 0 und d
020 |a 968-16-0617-5 
040 |a B-ESTELÍ- RUACS / 519 H131 
041 |a spa 
082 |a 519 H131 
100 1 |a Hadley, G. 
245 1 0 |a Probabilidad y estadística. Una introducción a la teoría de la decisión 
260 |a México  |b Fondo de Cultura Económica  |c 1967 
300 |a 646 p. 
650 7 |a PROBABILIDAD 
650 7 |b  ESTADÍSTICA 
942 |c BK  |2 ddc 
991 |a TEXTO 
999 |c 10966